EG Finance (Record no. 77713)

MARC details
000 -LEADER
fixed length control field 00870cab a2200193 4500
001 - CONTROL NUMBER
control field ##L134923
008 - FIXED-LENGTH DATA ELEMENTS--GENERAL INFORMATION
fixed length control field 060911n2006 000 0 eng u
035 ## - SYSTEM CONTROL NUMBER
System control number (Sirsi) u134923
041 0# - LANGUAGE CODE
Language code of text/sound track or separate title eng
245 00 - TITLE STATEMENT
Title EG Finance
Remainder of title JLL monthly prime yields
260 ## - PUBLICATION, DISTRIBUTION, ETC.
Date of publication, distribution, etc. 2006
490 #0 - SERIES STATEMENT
Series statement Estates Gazette
Volume/sequential designation (0636) 9 September 2006, 54(1)
520 ## - SUMMARY, ETC.
Summary, etc. Sets out Jones Lang LaSalle's figures on prime yields for the last month. Yields have remained static in most sectors, with the all-property prime yield unchaged at 4.61%, and the all-retail yield remaining at 4.31%. The prime all-office yield was stable at 4.6%, however the prime industrial yield dropped slightly to 5.23%. Table and graphs.
590 ## - LOCAL NOTE (RLIN)
Local note IKA190906
650 24 - SUBJECT ADDED ENTRY--TOPICAL TERM
Topical term or geographic name entry element JLL MONTHLY PRIME YIELDS
651 #4 - SUBJECT ADDED ENTRY--GEOGRAPHIC NAME
Geographic name United Kingdom
Chronological subdivision
690 ## - LOCAL SUBJECT ADDED ENTRY--TOPICAL TERM (OCLC, RLIN)
Topical term or geographic name as entry element PROPERTY-COMMERCIAL PROPERTY-COMMERCIAL PROPERTY MARKET
942 ## - ADDED ENTRY ELEMENTS (KOHA)
Suppress in OPAC 0
Holdings
Withdrawn status Lost status Source of classification or shelving scheme Damaged status Not for loan Home library Current library Shelving location Date acquired Total Checkouts Full call number Barcode Date last seen Copy number Price effective from Koha item type
    Dewey Decimal Classification     London London Journal article 11/09/2006   L134923 134923-1001 06/08/2019 1 06/08/2019 Journal article